000 00512nam a2200217Ia 4500
008 170918s9999 xx 000 0 und d
020 _a9780375867033
050 _bK296ba 2011
100 _aKelly, David A.
245 4 _aThe fenway foul-up /
245 _cby David A. Kelly.
250 _aFirst edition
260 _aUSA :
260 _bRandom House,
260 _c2011
300 _a101 pages :
300 _billustrations ;
300 _c19cm.
300 _eBallpark mysteries ;
440 _a1
999 _c343916
_d343916